| 000 | 00496nam a2200181Ia 4500 | ||
|---|---|---|---|
| 005 | 20250508151757.0 | ||
| 008 | 008 250505s9999 xx 000 0 hin d | ||
| 037 | _aTextual | ||
| 040 |
_aFEDL _beng _cFEDL |
||
| 041 |
_ahin _2hin |
||
| 084 |
_a920.54, VER _qFEDL |
||
| 100 |
_aVerma Paripurnanand _9759961 |
||
| 245 | 0 | _aBharat ki vibhutian | |
| 260 |
_aAgra, India _bRam Prasad and Sons _c1949 |
||
| 300 | _a116p | ||
| 942 |
_cTEXL _h920.54, VER |
||
| 999 |
_c1332097 _d1332097 |
||